| 000 | 00388nam a22001457a 4500 | ||
|---|---|---|---|
| 005 | 20240108113328.0 | ||
| 008 | 190405b xxu||||| |||| 00| 0 eng d | ||
| 020 | _a978-93-88706-18-6 | ||
| 041 | _aeng | ||
| 100 |
_aTEMBHURNE, DR.SACHIN. V.,AND VADLAMUDI,DR.RAO.V.S.V _98285 |
||
| 245 | _aA TEXTBOOK OF PHARMACOLOGY -I | ||
| 260 |
_aPUNE _bNIRALI PRAKASHAN |
||
| 300 | _a23.6 | ||
| 942 | _cBK | ||
| 999 |
_c5812 _d5810 |
||